|
|
|
|
| LEADER |
00649nam a22002051a 4500 |
| 020 |
|
|
|a 9788185618203
|c 0.00
|
| 040 |
|
|
|a SSUS - Library - Kalady
|
| 082 |
|
|
|a 523.1
|b JAY/I
|
| 100 |
|
|
|a Jayant V Narlikar
|
| 245 |
|
|
|a Introduction to Cosmology
|h [Text]
|
| 250 |
|
|
|a 2nd ed.
|
| 260 |
|
|
|a Cambridge
|b Cambridge University Press
|c 1998
|
| 300 |
|
|
|a 415p.
|
| 500 |
|
|
|a Jayant Narlikar
|
| 600 |
|
|
|a Cosmology
|
| 600 |
|
|
|a Science
|
| 852 |
|
|
|h 523.1
|i JAY/I
|p 024659
|9 225.00
|t 0
|
| 942 |
|
|
|c BK
|
| 999 |
|
|
|c 20664
|d 20664
|
| 952 |
|
|
|0 0
|1 0
|4 0
|6 523_100000000000000_JAY_I
|7 0
|9 28991
|a SSUS
|b SSUS
|d 2015-01-08
|g 225.00
|o 523.1 JAY/I
|p 024659
|r 2015-01-08
|v 0.00
|w 2015-01-08
|y BK
|